Web Enabled Commercial Applications Development Using. HTML. DHTML, Java Scripts, Perl CGI (Record no. 102)

MARC details
000 -LEADER
fixed length control field 00478nam a22001697a 4500
005 - DATE AND TIME OF LATEST TRANSACTION
control field 20210909131439.0
008 - FIXED-LENGTH DATA ELEMENTS--GENERAL INFORMATION
fixed length control field 160427b xxu||||| |||| 00| 0 eng d
020 ## - INTERNATIONAL STANDARD BOOK NUMBER
ISBN 81-7656-274-2
041 ## - LANGUAGE CODE
Language code of text/sound track or separate title eng
082 ## - DEWEY DECIMAL CLASSIFICATION NUMBER
Item number 00302
Classification number 005.133
100 ## - MAIN ENTRY--AUTHOR NAME
Personal name Bayross, Ivan
245 ## - TITLE STATEMENT
Title Web Enabled Commercial Applications Development Using. HTML. DHTML, Java Scripts, Perl CGI
250 ## - EDITION STATEMENT
Edition statement Revised edition
260 ## - PUBLICATION, DISTRIBUTION, ETC. (IMPRINT)
Place of publication New Delhi
Name of publisher BPB Publishing,
Year of publication 2002
300 ## - PHYSICAL DESCRIPTION
Number of Pages 975
942 ## - ADDED ENTRY ELEMENTS (KOHA)
Koha item type Books
Holdings
Lost status Damaged status Collection code Home library Current library Shelving location Date acquired Source of acquisition Cost, normal purchase price Full call number Accession Number Koha item type
    CS/IT JRU Library JRU Library SHELF-54-E 27/04/2016 PURCHASE 390.00 005.133 00302 Books
    CS/IT JRU Library JRU Library SHELF-54-E 27/04/2016   390.00 005.133 00303 Books
    CS/IT JRU Library JRU Library SHELF-54-E 27/04/2016   390.00 005.133 00304 Books
    CS/IT JRU Library JRU Library SHELF-54-E 19/09/2017 Purchase 399.00 005.133 22016 Books
      JRU Library   SHELF-54-E 19/09/2017 Purchase 399.00 005.133 22017 Books
    CS/IT JRU Library JRU Library SHELF-54-E 19/09/2017 Purchase 399.00 005.133 22018 Books
    CS/IT JRU Library JRU Library SHELF-54-E 19/09/2017 Purchase 399.00 005.133 22019 Books
    CS/IT JRU Library JRU Library SHELF-54-E 19/09/2017 Purchase 399.00 005.133 22020 Books